| 000 | 03005cam a2200505 i 4500 | ||
|---|---|---|---|
| 001 | 20545473 | ||
| 003 | BJBSDDR | ||
| 005 | 20260218144747.0 | ||
| 007 | ta | ||
| 008 | 180511s2018 mx a b 000 0 spa d | ||
| 010 | _a 2018381848 | ||
| 020 | _a9786078508235 | ||
| 020 | _a6078508237 | ||
| 035 | _a20545473 | ||
| 035 | _a(OCoLC)1043670444 | ||
| 040 |
_aOUN _bspa _cOUN _erda _dOCLCF _dIQU _dUPM _dDLC |
||
| 041 | _aspa | ||
| 042 | _alccopycat | ||
| 043 | _an-mx--- | ||
| 050 | 0 | 0 |
_aJL1229.C6 _bA679p 2018 |
| 082 | 0 | 0 |
_a364.1/3230972 _223 |
| 100 | 1 |
_aArellano Gault, David _eauthor. _943322 |
|
| 245 | 1 | 0 |
_a¿Podemos reducir la corrupción en México? : _blímites y posibilidades de los instrumentos a nuestro alcance / _cDavid Arellano Gault. |
| 250 | _aSegunda edición. | ||
| 264 | 1 |
_aCiudad de México : _bCIDE, _c2018. |
|
| 300 |
_a228 paginas : _bilustraciones ; _c23 cm. |
||
| 336 |
_atext _btxt _2rdacontent |
||
| 337 |
_aunmediated _bn _2rdamedia |
||
| 338 |
_avolume _bnc _2rdacarrier |
||
| 490 | 1 | _aCoyuntura y ensayo | |
| 504 | _aIncludes bibliographical references (pages 213-228). | ||
| 505 | 0 | _aLa corrupción institucionalizada en México / con Raúl Coronilla Cruz -- El mecanismo de sanciones en el ámbito federal mexicano, 2005-2008 / con Walter Lepore e Israel Aguilar -- Control de los conflictos de interés / con Walter Lepore, Laura Zamudio e Israel Aguilar -- Instrumentando una política de informantes internos (whistleblowers) / con Alejandra Medina y Roberto Rodríguez -- Servicio civil / con Alejandra Medina y Roberto Rodríguez. | |
| 520 | _aA cinco años de la primera edición de este libro, la corrupción en México no sólo sigue siendo el modus operandi estable y antiguo del país, simo que se ha convertido ya en un obstáculo para la gobernabilidad y la legitimidad. Desentrañar esta problemática es uno de los grandes retos que se enfrentará en los próximos años. En esta segunda edición se aborda el esfuerzo de largo plazo que ha comenzado con el Sistema Nacional Anticorrupción, el cual puede verse como inicio de la instrumentación de una serie de experimientos políticos y organizacionales en busca de desincrustar paulatinamente la corrupción de la funcionalidad del sistema político, no sin enfrentar resistencias y ataques de los diversos actores políticos, sociales y administrativos. | ||
| 650 | 0 |
_aPolitical corruption _zMexico _xPrevention. |
|
| 650 | 0 |
_aPublic administration _xCorrupt practices _zMexico _xPrevention. |
|
| 650 | 7 |
_aPolitical corruption _xPrevention. _2fast _0(OCoLC)fst01069248 |
|
| 650 | 7 |
_aPublic administration _xCorrupt practices _xPrevention. _2fast _0(OCoLC)fst01081988 |
|
| 651 | 7 |
_aMexico. _2fast _0(OCoLC)fst01211700 |
|
| 830 |
_aCoyuntura y ensayo _931935 |
||
| 906 |
_a7 _bcbc _ccopycat _d2 _encip _f20 _gy-gencatlg |
||
| 942 |
_2lcc _n0 _cBK |
||
| 946 | _irmza | ||
| 999 |
_c126424 _d126424 |
||